Most Misspelled Countries - Statistics

General Stats
  • This quiz has been taken 52 times
  • The average score is 5 of 10
Answer Stats
Continent Country % Correct
Asia Kyrgyzstan
77%
Europe Liechtenstein
77%
Asia Kazakhstan
67%
South America Colombia
65%
Africa Djibouti
48%
Europe Bosnia and Herzegovina
44%
Asia Philippines
40%
Africa Mauritius
33%
Africa Morocco
23%
Europe Andorra
17%
No matching quizzes found
Score Distribution
Percent of People with Each Score
Percentile by Number Answered
Your Score History
You have not taken this quiz